00454nam a22001337a 4500008004100000020001500041082001800056245006800074260004600142300000800188942001200196999001500208952009700223230620b        xxu||||| |||| 00| 0 eng d  a9211541204  a323bSAC 1996  aThe Right to Adequate Housing: Report of the Special Rapporteur  aNew York and GenevabUnited Nationsc1996  a42p  2ddccBK  c1828d1828  00102ddc4070a002b002d2023-06-20l0o323 SAC 1996p10011186r2023-06-20w2023-06-20yBK